Paddy's lament : Ireland 1846-1847 prelude to hatred /

Bibliographic Details
Main Author: Gallagher, Thomas, 1918-1992
Format: Book
Language:English
Published: New York : Harcourt Brace Jovanovich, [1982]
Edition:1st. ed.
Subjects:

MARC

Tag First Indicator Second Indicator Subfields
LEADER 00000pam a2200000 a 4500
001 in00000089583
005 20181006063131.0
008 820127s1982 nyu b 00110 eng
010 |a  81048011  
020 |a 0151706182 
035 |a (OCoLC)08172053 
035 |9 AAK5922AM 
039 0 |a 2  |b 3  |c 3  |d 3  |e 3 
040 |a DLC  |c DLC  |d TXA  |d UtOrBLW 
043 |a e-ie---  |a e-uk-ni 
049 |a TXAM  |c [1561213] 
050 0 0 |a DA950.7  |b .G34 1982 
082 0 |a 941.5081  |2 19 
100 1 |a Gallagher, Thomas,  |d 1918-1992. 
245 1 0 |a Paddy's lament :  |b Ireland 1846-1847 prelude to hatred /  |c Thomas Gallagher. 
250 |a 1st. ed. 
264 1 |a New York :  |b Harcourt Brace Jovanovich,  |c [1982] 
264 4 |c ©1982 
300 |a xvii, 345 pages ;  |c 22 cm. 
336 |a text  |b txt  |2 rdacontent 
337 |a unmediated  |b n  |2 rdamedia 
338 |a volume  |b nc  |2 rdacarrier 
500 |a Includes index. 
504 |a Bibliography: pages 313-333. 
650 0 |a Famines  |z Ireland  |x History  |y 19th century. 
651 0 |a Ireland  |x History  |y 1837-1901. 
999 |a MARS 
999 f f |s b8031591-79a9-3b09-8bff-0cf50f0e356b  |i 63d14fc8-0a5f-330d-8ef5-9fe9bba6aaa4  |t 0 
952 f f |p normal  |a Texas A&M University  |b College Station  |c Sterling C. Evans Library  |d Evans: Library Stacks  |t 0  |e DA950.7 .G34 1982  |h Library of Congress classification  |i unmediated -- volume  |m A14806097052 
998 f f |a DA950.7 .G34 1982  |t 0  |l Evans: Library Stacks